| 000 | 00412nam a22001217a 4500 | ||
|---|---|---|---|
| 020 | _a9781760292928 | ||
| 082 |
_a373.236 _bTEA |
||
| 245 |
_aTeaching Middle Years: _brethinking curriculum, pedagogy and assessment / _cEdited by Donna Pendergast, Katherine Main, Nan Bahr |
||
| 260 |
_aLondon : _bRoutledge, _c2017. |
||
| 300 |
_a410p. ; _c23 cm. |
||
| 942 |
_2ddc _cBK |
||
| 999 |
_c588419 _d588419 |
||